Insuficiencia en la Regulacin̤ de la Ley Violencia Intrafamiliar

Bibliographic Details
Main Author: Salazar Ponce, Alejandra Yanina
Format: Book
Language:Spanish
Published: Santiago de Chile: Editorial Acadm̌ica Espaǫla, 2019
Subjects:
Online Access:Acceso restringido

MARC

LEADER 00000nam a22000007a 4500
005 20190913125710.0
007 cr|||| ||||
008 190913s2019 cl ||||| |||| 00||0 spa d
020 |a 9786139468843 
035 |a Derecho Penal 
040 |a vLex 
090 |c 9510  |d 9510 
100 1 |a Salazar Ponce, Alejandra Yanina 
245 1 0 |a Insuficiencia en la Regulacin̤ de la Ley Violencia Intrafamiliar  |h [Recurso electrn̤ico] /  |c Alejandra Yanina Salazar Ponce 
256 |a Servicio en ln̕ea 
260 |a Santiago de Chile:  |b Editorial Acadm̌ica Espaǫla,  |c 2019 
300 |a 1 recurso electrn̤ico 
506 1 |a Disponible solo en los productos indicados  |d vLex Global  |d vLex Global (Academic Edition, excluding Law Schools)  |d vLex Global (U.S. Academic Edition, Law Schools)  |d vLex Global (U.S. Academic Edition, excluding Law Schools)  |d vLex Global (Academic Edition, Law Schools) 
650 0 4 |a Derecho Penal  |z Chile 
740 0 |a vLex Libros (Servicio en ln̕ea) 
856 4 0 |u http://vlex.com/source/24943  |z Acceso restringido 
942 |c BOOK 
999 0 |a Criminal law